000 01234nam a2200325 c 4500
003 BLK
005 20240902114213.0
008 180408b bul|||||r ||||||| ||bul||
010 _aKNG00078539000
020 _a978-954-357-142-0
040 _aBLK
041 _aBUL
_cBUL
080 _aАмериканска литература (на САЩ)
_b821.111(73)
_x-312.4
_z821.111(73)-312.4
100 1 _aУайнгарднър, Марк
_eпърви автор
_9132092
139 _aУайнгарднър, Марк
_bУ 14
245 1 0 _aОтмъщението на Кръстника
_bРоман
_cМарк Уайнгарднър; прев. от англ. Владимир Зарков.
257 _aUSA
260 _bЕМАС
_bГлобус
_c2007
_fСофия : Експреспринт
300 _a396 с.
_c20 см
380 _aX
500 _aОриг. загл. The Godfather's Revenge / Mark Winegardner
700 _aЗарков, Владимир Владимиров
_d1961-
_eпрев. от англ.
_9365578
852 _aЦб 223462
856 4 _qpdf
856 4 _qpdf
942 _cKNG
_n0
_06
944 _aCR
_c23.10.2007
_k30530
_lМинев Младен
944 _aED
_c13.02.2009
999 _c74140
_d74140
999 _d74140